| 000 | 00431nam a22001577a 4500 | ||
|---|---|---|---|
| 020 | _a9789352606184 | ||
| 040 | _cNUST | ||
| 082 |
_a621.3824 _bKRA |
||
| 100 |
_aJohn D Draus, Ronald J Marhefka _9124058 |
||
| 110 |
_aAhmad S Khan _9124059 |
||
| 245 | _aAntennas and Wave Propagation | ||
| 250 | _aFifth Edition | ||
| 260 |
_aIndia: _bMcGraw Hill Education, _c2018. |
||
| 650 | _2Antennas and Wave Propagation | ||
| 942 |
_2ddc _cBK |
||
| 999 |
_c610025 _d610025 |
||